000 00555nam a2200169 a 4500
001 000035557
005 20200930074430.0
008 111103s1994 sp 000 0 spa d
020 _a9580425736
040 _aDO-SdBNP
_bspa
_cBNPHU
100 1 _aArnold, David
_961457
245 1 0 _aManual de la gerencia de marca /
_cDavid Arnold,.
260 _aBarcelona, España :
_bEditorial Norma,
_c1994.
300 _a349 p. :
_bil., gráf. ;
_c22 cm.
500 _aIncluye datos biográficos del autor en la solapa
500 _aIncluye notas al pie de las págianas
999 _c35048
_d35048